000 00694cam a22001937a 4500
020 _a9780618731183
020 _a061860636x
050 0 0 _aQA303
_b.B527 2007
100 1 _aBerresford, Geoffrey C.,
245 1 0 _aBrief applied calculus /
_cGeoffrey C. Berresford, Andrew M. Rockett.
250 _a4th ed
260 _aBoston :
_bHoughtton Mifflin Co.,
_cc2007.
500 _aIncludes indexes.
700 1 _aRockett, Andrew Mansfield.
856 4 2 _uhttp://www.loc.gov/catdir/enhancements/fy1105/2009517751-b.html
856 4 2 _uhttp://www.loc.gov/catdir/enhancements/fy1105/2009517751-d.html
856 4 1 _uhttp://www.loc.gov/catdir/enhancements/fy1105/2009517751-t.html
942 _2lcc
_cGEN
999 _c11251
_d11251